[Event "Challenge"]
[Site "http://www.queenalice.com/game.php?id=468814"]
[Date "2008.9.26"]
[Round "-"]
[White "ThetrueElrohir"]
[Black "psweetman1590"]
[Result "1-0"]
[WhiteElo "1439"]
[BlackElo "1100"]

1. d4 Nc6 2. Nf3 d5 3. Nc3 e6 4. e4 b6 5. exd5 exd5 6. Bb5 Bd7 7. Nxd5 Bb4+ 8.
c3 Be7 9. Bf4 a6 10. Nxc7+ Kf8 11. Nxa8 Qxa8 12. d5 Na5 13. Bxd7 Qxd5 14. Qxd5
Nf6 15. Qa8+ Ne8 16. Qxe8# 1-0

[Event "Challenge"]
[Site "http://www.queenalice.com/game.php?id=469345"]
[Date "2008.9.27"]
[Round "-"]
[White "ThetrueElrohir"]
[Black "psweetman1590"]
[Result "0-1"]
[WhiteElo "1480"]
[BlackElo "1078"]

1. e4 e5 2. Nf3 d6 3. Nc3 Nc6 4. d4 f6 5. Bb5 Bd7 6. O-O Nxd4 7. Bxd7+ Qxd7 8.
Nxd4 c5 9. Nf5 Nh6 10. Bxh6 g6 11. Bxf8 Rxf8 12. Qd2 gxf5 13. Rad1 O-O-O 14.
exf5 b5 15. Qd3 b4 16. Nb5 a6 17. Nxd6+ Kc7 18. Nc4 Rf7 19. a3 bxa3 20. bxa3 Rg7
21. Nd2 Qd5 22. Ne4 Kc6 23. Nxf6 Qxg2# 0-1

[Event "Challenge"]
[Site "http://www.queenalice.com/game.php?id=470179"]
[Date "2008.9.29"]
[Round "-"]
[White "psweetman1590"]
[Black "azzaman333"]
[Result "1-0"]
[WhiteElo "1182"]
[BlackElo "1131"]

1. d4 e5 2. dxe5 Qh4 3. g3 Qe4 4. f3 Qxe5 5. f4 Qd5 6. Qxd5 Bb4+ 7. c3 Nf6 8.
Qd3 Nc6 9. Qc4 O-O 10. Be3 d5 11. Qd3 Ng4 12. Na3 f5 13. Nb5 Nxe3 14. Qxe3 Bd6
15. Nxd6 cxd6 16. Nf3 Ne5 17. fxe5 dxe5 18. Qxe5 b6 19. Qxd5+ Kh8 20. Qxa8 Bb7
21. Qxf8# 1-0

[Event "Challenge"]
[Site "http://www.queenalice.com/game.php?id=471794"]
[Date "2008.10.2"]
[Round "-"]
[White "psweetman1590"]
[Black "jair"]
[Result "0-1"]
[WhiteElo "1208"]
[BlackElo "1420"]

1. d4 d5 2. c3 Bf5 3. e3 Qd7 4. Bd3 Bg4 5. f3 Bh5 6. g4 Bg6 7. Nd2 Bxd3 8. e4
dxe4 9. Nxe4 Ba6 10. Nc5 Qd6 11. Ne4 Qe6 12. Ne2 Qc8 13. Qa4+ c6 14. Bf4 Nd7 15.
c4 Nb6 16. Qa5 Nxc4 17. Qb4 e6 18. Nc5 Nxb2 19. Qxb2 Be7 20. O-O h5 21. Ng3 hxg4
0-1

[Event "Challenge"]
[Site "http://www.queenalice.com/game.php?id=471927"]
[Date "2008.10.2"]
[Round "-"]
[White "Kioobe"]
[Black "psweetman1590"]
[Result "1-0"]
[WhiteElo "1137"]
[BlackElo "1194"]

1. e4 e5 2. Nf3 f6 3. Bc4 d6 4. O-O Ne7 5. d3 b6 6. c3 Bd7 7. d4 b5 8. Bb3 Nbc6
9. Nh4 Ng6 10. Qh5 Ne7 11. dxe5 dxe5 12. Nf5 1-0

[Event "Challenge"]
[Site "http://www.queenalice.com/game.php?id=482766"]
[Date "2008.10.25"]
[Round "-"]
[White "fernandocqr"]
[Black "psweetman1590"]
[Result "1-0"]
[WhiteElo "1500"]
[BlackElo "1169"]

1. e3 d5 2. Nc3 c6 3. e4 Nf6 4. e5 Ne4 5. f4 e6 6. g3 b5 7. b3 Qb6 8. Nxe4 dxe4
9. Bg2 Ba6 10. Bxe4 Nd7 11. f5 Nxe5 12. fxe6 fxe6 13. Qh5+ g6 14. Qxe5 Qc7 15.
Qxc7 Rd8 16. Bxc6+ Rd7 17. Qxd7# 1-0